Hacia la sociología del conocimiento: origen y desarrollo de un estilo del pensamiento sociológico
保存先:
| 第一著者: | |
|---|---|
| フォーマット: | 図書 |
| 言語: | スペイン語 |
| 出版事項: |
Ciudad de México
Fondo de Cultura Económica
1982
|
| シリーズ: | Sección de obras de Sociología
|
| 主題: | |
| タグ: |
タグ追加
タグなし, このレコードへの初めてのタグを付けませんか!
|
MARC
| LEADER | 00000nam a2200000 a 4500 | ||
|---|---|---|---|
| 001 | UCW4087 | ||
| 003 | CL-VaPUC | ||
| 008 | 890828e19820000MX |||||||||||||||||spa|d | ||
| 082 | 0 | 4 | |a 306.42 |b REM |2 21 |
| 100 | 0 | |a Remmling, Gunter W |e author |9 308650 | |
| 245 | 1 | 0 | |a Hacia la sociología del conocimiento: origen y desarrollo de un estilo del pensamiento sociológico |
| 300 | |a 583 p | ||
| 942 | |c BK | ||
| 945 | |d 19890828 00:00:00 | ||
| 260 | |a Ciudad de México |b Fondo de Cultura Económica |c 1982 | ||
| 650 | 0 | |a Sociología del conocimiento |9 308651 | |
| 583 | |a last modification |c 19890828 00:00:00 |k Rodrigo Vera | ||
| 490 | 0 | |a Sección de obras de Sociología | |
| 999 | |c 217905 |d 217903 | ||
| 952 | |0 0 |1 0 |4 0 |6 306_420000000000000_REM_1982 |7 0 |8 P |9 206546 |a BIBEDU |b BIBEDU |c BIBEDU_PB |d 2019-11-15 |i 2743612 |o 306.42 REM 1982 |p 2743612 |r 2024-01-25 |w 2019-11-15 |y BK |k EDU | ||